| 000 | 00865nmm a2200265 a 4500 | ||
|---|---|---|---|
| 001 | ocm000593899 | ||
| 003 | TR-IsHL | ||
| 005 | 20201028133102.0 | ||
| 008 | 131121s2005 tu tur | ||
| 007 | cr cn | ||
| 020 | _a9789758523573 | ||
| 035 |
_a593899 _b(N$T) |
||
| 050 | 0 | 4 |
_aBF697 _b.O93 2005 |
| 090 | 0 | 4 |
_aBF697 _b.O93 2005 |
| 100 | 1 | _aÖzbay, Adem | |
| 245 | 1 | 0 |
_aKişisel gelişiminize hız kazandıracak geliştiren kitaplar _h[electronic resource] / _cAdem Özbay |
| 260 |
_aİstanbul : _bArmoni Yayınları, _c2005 |
||
| 300 | _a154 p. | ||
| 650 | 4 | _aFelsefe, Psikoloji ve Din | |
| 650 | 4 | _aPhilosophy, Psychology and Religion | |
| 650 | 0 | _aBaşarı | |
| 650 | 0 | _aSuccess | |
| 650 | 7 |
_aSELF-HELP / Personal Growth / Success _2bisacsh |
|
| 856 | 4 | 0 | _uhttp://search.ebscohost.com/login.aspx?direct=true&scope=site&db=e011xww&AN=593899 |
| 999 |
_c5446 _d5446 |
||